000 03012nam a2200409Ia 4500
001 dia_244
003 CHAP
005 20250908092050.0
007 ta
008 220117s1996 mx ad frm a001 0 spa d
010 _a170670
040 _amxchpua
_cCHAP
041 0 _bSPA
090 _aTesis
_bA385
_c1996
100 1 _aAguilar Hernández, Claudia
245 1 0 _aUn estudio sobre aditivos en productos lácteos /
_cClaudia Aguilar Hernández
264 _aChapingo, México :
_bEl autor,
_c1996
300 _a122 hojas :
_bilustraciones, tablas, gráficas
336 _2rdacontent
_atexto
_btxt
337 _2rdamedia
_ano mediado
_bn
338 _2rdacarrier
_avolumen
_bnc
502 _aTesis
_b(Ingeniero Agroindustrial) --
_cUACh. Departamento de Ingeniería Agroindustrial,
_d1996
504 _aBibliografía: hojas 14-15
520 3 _aActualmente, en la industria alimentaria, el uso de aditivos tiende a incrementarse, debido a la búsqueda de insumes que ayudan a reducir costos de producción. Sin embargo, en México, la Información sobre estas sustancias no es representativa, por lo que se realizó un estudio sobre la naturaleza de los espesantes y gelificantes propios para lácteos, así como su justificación técnico-económica de empleo. El trabajo incluyó 3 fases: una de investigación documental, una de campo entrevistas a proveedores y usuarios de aditivos) y una experimental: fabricación de un queso Panelá con adición de fécula de papa; practicándosele un análisis proximal, una evaluación sensorial, determinación de vida de anaquel y rendimiento. Los resultados muestran que el sector proveedor de aditivos se caracteriza por ser pequeño (escasas empresas), es relativamente joven en México; sus firmas, muestran una conducía muy competitiva y su relación con los cliente (usuarios) es muy estrecha. Basándose en una continua asesoría técnica por parte de sus técnicos. Con el uso concreto de fécula de papa en el queso, se halló que éste sí retuvo humedad, lo que condujo a una disminución en proporción de los otros constituyentes. Se concluye que el sector productivo de aditivos es prometedor e innovador, aunque se encuentra desarticulado en tanto cadena productiva. En cuanto al uso específico del aditivo, éste incrementó la humedad y. por lo tanto, el rendimiento del queso Panela. Representando una ventaja desde el punto de vista económico.
650 1 3 _aAditivos alimentarios
_2atg
650 1 3 _aProductos lácteos
_2atg
650 1 3 _aDairy products
_2atg
650 1 3 _aFood additives
_2atg
700 1 _aVillegas de Gante, Abraham Zacarias
_edirector
700 1 _aRubio Hernández, David
_easesor
700 1 _aSantos Moreno, Armando
_easesor
856 4 1 _uhttp://10.13.5.2/tesis/1996_AGUILAR_HERNANDEZ_CLAUDIA_Tesis.pdf
_yDESCARGAR PDF
901 _aTESIS A385 1996
902 _aM
905 _a5232271996 mx ma 8223123322spa16
942 _cTESIS
_2Clasificación Universidad Autónoma Chapingo
999 _c170670
_d170670